[Event "Murcia-ch 18th"]
[Site "Totana"]
[Date "2003.03.15"]
[Round "2"]
[White "Gil Lopez, Pedro Diego"]
[Black "Alcaraz Cordoba, Sergio"]
[Result "1-0"]
[WhiteElo "2006"]
[BlackElo "1781"]
[PlyCount "91"]
[EventDate "2003.03.08"]
[EventType "swiss"]
[EventRounds "9"]
[EventCountry "ESP"]
[SourceTitle "EXT 2004"]
[Source "ChessBase"]
[SourceDate "2003.11.25"]
[SourceVersion "1"]
[SourceVersionDate "2003.11.25"]
[SourceQuality "1"]

1. d4 d5 2. c4 c6 3. Nf3 e6 4. e3 Nf6 5. Nc3 Nbd7 6. Bd3 Bd6 7. 0-0 0-0 8. Bd2 e5 9. dxe5 Nxe5 10. Nxe5 Bxe5 11. cxd5 Nxd5 12. Bxh7+ Kxh7 13. Qh5+ Kg8 14. Qxe5 Qf6 15. Qxf6 Nxf6 16. e4 Be6 17. Bg5 Nd7 18. Rfd1 Rfe8 19. Rd2 Ne5 20. b3 f6 21. Bf4 Rad8 22. Rad1 Rxd2 23. Rxd2 Kf7 24. Bxe5 fxe5 25. Kf1 Ke7 26. Ke2 Rh8 27. h3 g6 28. Na4 b6 29. Nb2 g5 30. Nd3 Kf6 31. Nb4 Rc8 32. Rd6 c5 33. Nd5+ Kf7 34. Ke3 c4 35. Kd2 cxb3 36. axb3 Rc5 37. Kd3 Ra5 38. Kc3 Rc5+ 39. Kb2 Bxd5 40. exd5 Rc7 41. Rh6 Re7 42. Kc3 Kg7 43. Rc6 Kf7 44. Kd3 Rd7 45. Ke4 Re7 46. d6 1-0